| 000 | 00364 a2200121 4500 | ||
|---|---|---|---|
| 001 | 92359 | ||
| 082 | _aPR 2583 | ||
| 090 |
_c44328 _d44329 |
||
| 100 | _aOsama,Prof Haris Ali and Dr. M Babar (Advisors) | ||
| 245 |
_aThe Effect of Fiber Morphology on Tensile Strength Subjected to Ballistic Impact _n79'A' EC |
||
| 260 |
_aIslamabad _bNUST _c2015 |
||
| 300 | _axi,49p. | ||
| 942 |
_aCAE NUST _kPR 2583 |
||
| 999 |
_c327432 _d327432 |
||